| 000 | 00870nam a22002651a 4500 | ||
|---|---|---|---|
| 005 | 20150519132921.0 | ||
| 008 | 150517s2002 enka frb i000 0 eng d | ||
| 020 | _a9780580333347 | ||
| 020 | _a0580333345 | ||
| 040 |
_aEG-ScBUE _beng _cEG-ScBUE |
||
| 082 | 0 | 4 |
_a624.171 _bSTR _222 |
| 110 | 2 |
_aBritish Standards Institution _938042 |
|
| 245 | 1 | 0 |
_aStructural design : _bextracts from British Standards for students of structural design. |
| 250 | _a5th ed. | ||
| 260 |
_a[London] : _bBritish Standards Institution, _c2002. |
||
| 300 |
_a411 p. : _bill. ; _c30 cm. |
||
| 500 | _aPP 7312 : 2002. | ||
| 504 | _aIncludes bibliographical references. | ||
| 650 | 0 |
_aStandards, Engineering. _2BUEsh _923303 |
|
| 650 | 0 |
_aStructural design _xStandards. _2BUEsh |
|
| 651 | _2BUEsh | ||
| 653 |
_bENGGEN _cMay2015 |
||
| 655 |
_vreading book _934232 |
||
| 942 |
_2ddc _k624.171 STR |
||
| 999 |
_c19362 _d19334 |
||